000 00288nam a22001337a 4500
008 171025b xxu||||| |||| 00| 0 eng d
020 _a080539320
041 _aeng
080 _a311
100 _a55
101 _aSTA
245 _aELEMANTARY STATISTICS
_cTRIOLA.M.F
942 _2udc
_cBK
999 _c35872
_d35872